01610nam a22004097a 4500003000500000005001700005008004100022010001000063011001000073035001000083040000900093090001000102100004200112245008400154260004000238300001000278502007500288590003700363590004100400590004100441590004100482590004200523650004200565650003900607650003500646650003900681650003200720650002400752700004000776901000700816942000900823949004300832949004800875999001700923952013200940952012801072CHAP20220329135554.0971013s1995 r 00010 d a38716 a39688 a43813 cCHAP aTesis00aPizano Villafuerte, Agustín.988612 aNecesidades de riboflavina en pollos de engorda de 0-3 y de 4-8 semanas de edad aChapingo, Méx. :bEl autor,c1995 a47 h. aTesis (Ing. Agr. Esp. en Zootecnia) -- UACH. Departamento de Zootecnia aALEPHb10c20130110lUCH01h1304 aBATCH-UPDb10c20130110lUCH01h1558 aBATCH-UPDb10c20130410lUCH01h0955 aBATCH-UPDb10c20130914lUCH01h0444 aCONVERSIONb10c20130109lUCH01h132214aAves de corralxAlimentación.9863814aAves de corralxCrecimiento.9864214aAves de corralxEngorda.9864714aAves de corralxNutrición.9867214aAves de corralxPeso.9867414aRiboflavina.9972030 aSánchez Vélez, Eduardo.9107933 aBK cFOLL bBCcTESd-100209eTS1h27388i43813si bBCcTESd-100210eTS2fc.2h27389i43813si c38716d38716 00102local4053708TESISaBCbBCcPA_TESISd2019-12-31fFOLLl0oTesisp-100210r2019-12-31 00:00:00tc.2w2019-12-31yTESIS 00102local4051708TESISaBCbBCcPA_TESISd2019-12-31fTESISl0oTesisp-100209r2019-12-31 00:00:00w2019-12-31yTESIS